[Event "Team men HL 2016"]
[Site "Sochi"]
[Date "2016.05.05"]
[Round "5.12"]
[White "Yevseev, Denis"]
[Black "Vastrukhin, Oleg"]
[Result "1-0"]
[LiveChessVersion "1.4.4"]
[BlackElo "2401"]
[WhiteElo "2526"]

1. Nf3 {[%clk 1:30:55]} g6 {[%clk 1:30:17]} 2. e4 {[%clk 1:31:11]} Bg7
{[%clk 1:30:13]} 3. d4 {[%clk 1:31:25]} d6 {[%clk 1:25:06]} 4. Be2
{[%clk 1:27:20]} Nd7 {[%clk 1:22:54]} 5. O-O {[%clk 1:26:53]} Ngf6
{[%clk 1:21:26]} 6. Nc3 {[%clk 1:26:23]} O-O {[%clk 1:20:40]} 7. h3
{[%clk 1:25:51]} e5 {[%clk 1:20:01]} 8. dxe5 {[%clk 1:25:53]} dxe5
{[%clk 1:19:11]} 9. Be3 {[%clk 1:25:19]} c6 {[%clk 1:14:21]} 10. a4
{[%clk 1:09:20]} Qe7 {[%clk 1:11:12]} 11. Nd2 {[%clk 1:08:14]} Nc5
{[%clk 1:09:47]} 12. a5 {[%clk 1:04:10]} Rd8 {[%clk 1:07:39]} 13. Qc1
{[%clk 1:03:41]} Ne6 {[%clk 1:04:40]} 14. Re1 {[%clk 0:59:43]} Nd7
{[%clk 0:54:42]} 15. Bc4 {[%clk 0:56:17]} Ndf8 {[%clk 0:50:29]} 16. Nf3
{[%clk 0:50:32]} Nd4 {[%clk 0:39:52]} 17. Nxd4 {[%clk 0:43:06]} exd4
{[%clk 0:39:58]} 18. Bg5 {[%clk 0:43:22]} Qc5 {[%clk 0:39:00]} 19. Bxd8
{[%clk 0:42:03]} dxc3 {[%clk 0:36:37]} 20. b3 {[%clk 0:41:26]} Be6
{[%clk 0:32:20]} 21. Qg5 {[%clk 0:35:29]} Qxg5 {[%clk 0:15:21]} 22. Bxg5
{[%clk 0:35:51]} Bxc4 {[%clk 0:15:43]} 23. bxc4 {[%clk 0:36:15]} Ne6
{[%clk 0:16:11]} 24. Be3 {[%clk 0:36:02]} Nd4 {[%clk 0:16:21]} 25. Bxd4
{[%clk 0:22:26]} Bxd4 {[%clk 0:16:46]} 26. Kf1 {[%clk 0:22:45]} Re8
{[%clk 0:15:21]} 27. Rab1 {[%clk 0:18:31]} b6 {[%clk 0:11:04]} 28. axb6
{[%clk 0:16:33]} axb6 {[%clk 0:11:31]} 29. e5 {[%clk 0:14:18]} Re6
{[%clk 0:08:06]} 30. f4 {[%clk 0:13:59]} c5 {[%clk 0:06:09]} 31. g3
{[%clk 0:10:11]} Kg7 {[%clk 0:04:20]} 32. Kg2 {[%clk 0:09:16]} Rc6
{[%clk 0:02:31]} 33. Ra1 {[%clk 0:08:02]} Re6 {[%clk 0:02:30]} 34. Kf3
{[%clk 0:06:34]} h5 {[%clk 0:02:13]} 35. Ra7 {[%clk 0:06:02]} g5 {[%clk 0:01:03]}
36. f5 {[%clk 0:02:24]} Rxe5 {[%clk 0:01:26]} 37. Rxe5 {[%clk 0:02:43]} Bxe5
{[%clk 0:01:53]} 38. Rb7 {[%clk 0:03:02]} Kf6 {[%clk 0:02:08]} 39. Rxb6+
{[%clk 0:03:05]} 1-0

[Event "Team men HL 2016"]
[Site "Sochi"]
[Date "2016.05.05"]
[Round "5.13"]
[White "Pustovoitova, Daria"]
[Black "Moskalenko, Alexander"]
[Result "0-1"]
[LiveChessVersion "1.4.4"]
[BlackElo "2464"]
[WhiteElo "2304"]

1. d4 {[%clk 1:30:49]} Nf6 {[%clk 1:30:56]} 2. Nf3 {[%clk 1:31:15]} e6
{[%clk 1:31:21]} 3. c4 {[%clk 1:31:37]} d5 {[%clk 1:31:47]} 4. g3
{[%clk 1:32:00]} dxc4 {[%clk 1:32:00]} 5. Bg2 {[%clk 1:32:27]} Bd7
{[%clk 1:32:25]} 6. Ne5 {[%clk 1:22:45]} Bc6 {[%clk 1:31:38]} 7. Nxc6
{[%clk 1:22:42]} Nxc6 {[%clk 1:31:56]} 8. Qa4 {[%clk 1:21:49]} Qd7
{[%clk 1:32:00]} 9. Qxc4 {[%clk 1:19:37]} Nxd4 {[%clk 1:32:04]} 10. Bxb7
{[%clk 0:59:17]} Rb8 {[%clk 1:30:19]} 11. Bg2 {[%clk 0:53:36]} Bb4+
{[%clk 1:30:16]} 12. Nd2 {[%clk 0:52:27]} O-O {[%clk 1:28:58]} 13. b3
{[%clk 0:50:57]} Rfd8 {[%clk 1:00:07]} 14. O-O {[%clk 0:50:09]} Bc3
{[%clk 0:58:00]} 15. Rb1 {[%clk 0:50:04]} Qb5 {[%clk 0:46:42]} 16. Qxb5
{[%clk 0:41:16]} Rxb5 {[%clk 0:47:11]} 17. Re1 {[%clk 0:39:01]} Rb6
{[%clk 0:41:56]} 18. e3 {[%clk 0:35:55]} Nb5 {[%clk 0:32:32]} 19. Re2
{[%clk 0:34:14]} Bb4 {[%clk 0:31:39]} 20. Rb2 {[%clk 0:32:18]} Na3
{[%clk 0:22:39]} 21. Nf1 {[%clk 0:13:16]} Bc3 {[%clk 0:22:48]} 22. f4
{[%clk 0:12:11]} Rbd6 {[%clk 0:17:52]} 23. b4 {[%clk 0:09:21]} Bxb2
{[%clk 0:16:59]} 24. Bxb2 {[%clk 0:09:49]} Rd3 {[%clk 0:14:22]} 25. Be5
{[%clk 0:09:48]} Nd7 {[%clk 0:13:40]} 26. Bd4 {[%clk 0:07:42]} Nb5
{[%clk 0:12:16]} 27. Bb2 {[%clk 0:08:08]} Nb6 {[%clk 0:08:24]} 28. Be4
{[%clk 0:08:26]} Rc3 {[%clk 0:06:57]} 29. Bxc3 {[%clk 0:01:51]} Nxc3
{[%clk 0:07:18]} 30. Rd2 {[%clk 0:02:17]} Rxd2 {[%clk 0:07:39]} 31. Nxd2
{[%clk 0:02:46]} Nxa2 {[%clk 0:08:02]} 32. b5 {[%clk 0:03:13]} Nc3
{[%clk 0:07:39]} 33. Bc6 {[%clk 0:03:33]} Nbd5 {[%clk 0:05:00]} 34. e4
{[%clk 0:02:52]} Nb4 {[%clk 0:05:29]} 35. Kf2 {[%clk 0:03:01]} a6
{[%clk 0:03:55]} 36. Bd7 {[%clk 0:01:16]} Nxb5 {[%clk 0:02:26]} 37. Nb3
{[%clk 0:01:29]} c6 {[%clk 0:02:08]} 38. Ke3 {[%clk 0:01:40]} Kf8
{[%clk 0:02:09]} 39. Na5 {[%clk 0:02:00]} Na7 {[%clk 0:01:53]} 0-1

[Event "Team men HL 2016"]
[Site "Sochi"]
[Date "2016.05.05"]
[Round "5.14"]
[White "Sarana, Alexey"]
[Black "Smirnov, Alexey"]
[Result "0-1"]
[LiveChessVersion "1.4.4"]
[BlackElo "2445"]
[WhiteElo "2422"]

1. d4 {[%clk 1:30:56]} Nf6 {[%clk 1:30:40]} 2. Nf3 {[%clk 1:31:21]} g6
{[%clk 1:30:56]} 3. c4 {[%clk 1:31:44]} Bg7 {[%clk 1:31:17]} 4. g3
{[%clk 1:32:10]} O-O {[%clk 1:31:37]} 5. Bg2 {[%clk 1:32:37]} c6 {[%clk 1:31:59]}
6. Nc3 {[%clk 1:32:55]} d5 {[%clk 1:32:26]} 7. Qb3 {[%clk 1:33:09]} dxc4
{[%clk 1:31:28]} 8. Qxc4 {[%clk 1:33:27]} Be6 {[%clk 1:28:02]} 9. Qd3
{[%clk 1:32:47]} Na6 {[%clk 1:28:06]} 10. O-O {[%clk 1:30:31]} Bf5
{[%clk 1:25:50]} 11. Qc4 {[%clk 1:22:59]} Ne4 {[%clk 1:16:35]} 12. Rd1
{[%clk 1:19:41]} Rc8 {[%clk 0:45:58]} 13. Qb3 {[%clk 1:12:44]} Qb6
{[%clk 0:44:09]} 14. Qxb6 {[%clk 1:07:01]} axb6 {[%clk 0:44:35]} 15. Ne1
{[%clk 1:06:41]} Nxc3 {[%clk 0:43:29]} 16. bxc3 {[%clk 1:06:00]} Rfd8
{[%clk 0:40:41]} 17. Bf4 {[%clk 0:59:59]} b5 {[%clk 0:39:13]} 18. e4
{[%clk 0:51:47]} Bg4 {[%clk 0:37:55]} 19. Bf3 {[%clk 0:51:57]} Bxf3
{[%clk 0:37:39]} 20. Nxf3 {[%clk 0:52:26]} Rd7 {[%clk 0:21:27]} 21. Rab1
{[%clk 0:51:31]} Rcd8 {[%clk 0:21:32]} 22. Kf1 {[%clk 0:50:13]} Nc5
{[%clk 0:20:28]} 23. Nd2 {[%clk 0:41:33]} Na4 {[%clk 0:20:38]} 24. Rdc1
{[%clk 0:41:07]} e5 {[%clk 0:20:49]} 25. Bg5 {[%clk 0:41:25]} f6 {[%clk 0:21:10]}
26. Be3 {[%clk 0:41:46]} Nxc3 {[%clk 0:21:26]} 27. Rxc3 {[%clk 0:38:37]} exd4
{[%clk 0:21:54]} 28. Bxd4 {[%clk 0:39:00]} Rxd4 {[%clk 0:22:18]} 29. Nb3
{[%clk 0:39:26]} Rxe4 {[%clk 0:22:29]} 30. Nc5 {[%clk 0:39:49]} Re7
{[%clk 0:22:50]} 31. a4 {[%clk 0:40:05]} f5 {[%clk 0:22:34]} 32. Rc2
{[%clk 0:39:37]} bxa4 {[%clk 0:22:05]} 33. Nxa4 {[%clk 0:39:56]} Bd4
{[%clk 0:20:01]} 34. Rd2 {[%clk 0:39:37]} Red7 {[%clk 0:20:27]} 35. Rc2
{[%clk 0:37:56]} b5 {[%clk 0:20:30]} 36. Nb2 {[%clk 0:38:18]} Bxb2
{[%clk 0:17:09]} 37. Rbxb2 {[%clk 0:38:46]} Rd1+ {[%clk 0:17:24]} 38. Ke2
{[%clk 0:39:11]} R1d6 {[%clk 0:17:46]} 39. Rc5 {[%clk 0:39:29]} Kf7
{[%clk 0:17:38]} 40. Rbc2 {[%clk 1:09:53]} Re6+ {[%clk 0:47:51]} 41. Kf3
{[%clk 1:10:22]} Rd3+ {[%clk 0:47:52]} 42. Kg2 {[%clk 1:10:37]} Rdd6
{[%clk 0:48:12]} 43. h4 {[%clk 1:11:00]} h5 {[%clk 0:47:49]} 44. Kf3
{[%clk 1:11:09]} Ke7 {[%clk 0:48:17]} 45. Kf4 {[%clk 1:11:30]} Rd4+
{[%clk 0:48:08]} 46. Kg5 {[%clk 1:11:51]} Rg4+ {[%clk 0:47:41]} 47. Kh6
{[%clk 1:12:20]} Kd7 {[%clk 0:47:57]} 48. R5c3 {[%clk 1:11:24]} b4
{[%clk 0:45:37]} 49. Rd3+ {[%clk 1:11:44]} Rd6 {[%clk 0:44:11]} 50. Rb3
{[%clk 1:11:51]} Kc7 {[%clk 0:44:05]} 51. f4 {[%clk 1:11:35]} g5+
{[%clk 0:44:33]} 52. Kxh5 {[%clk 1:11:50]} gxf4 {[%clk 0:44:39]} 53. Rxb4
{[%clk 1:12:09]} Rd8 {[%clk 0:45:01]} 0-1

[Event "Team men HL 2016"]
[Site "Sochi"]
[Date "2016.05.05"]
[Round "5.15"]
[White "Babarykin, Stanislav"]
[Black "Chernobay, Artem"]
[Result "1/2-1/2"]
[LiveChessVersion "1.4.4"]
[BlackElo "2503"]
[WhiteElo "2396"]

1. e4 {[%clk 1:30:53]} c5 {[%clk 1:30:11]} 2. Nf3 {[%clk 1:31:09]} e6
{[%clk 1:29:57]} 3. g3 {[%clk 1:31:24]} Nc6 {[%clk 1:29:36]} 4. Bg2
{[%clk 1:31:41]} Nf6 {[%clk 1:29:01]} 5. Qe2 {[%clk 1:31:49]} d5 {[%clk 1:28:09]}
6. exd5 {[%clk 1:31:57]} Nxd5 {[%clk 1:28:29]} 7. O-O {[%clk 1:32:03]} Be7
{[%clk 1:28:40]} 8. Rd1 {[%clk 1:32:05]} e5 {[%clk 1:24:37]} 9. c3
{[%clk 0:59:37]} Bg4 {[%clk 1:24:27]} 10. h3 {[%clk 0:52:22]} Bh5
{[%clk 1:24:44]} 11. d4 {[%clk 0:49:57]} exd4 {[%clk 1:19:03]} 12. g4
{[%clk 0:42:13]} Bg6 {[%clk 1:18:09]} 13. cxd4 {[%clk 0:17:09]} Qc7
{[%clk 0:52:46]} 14. Nc3 {[%clk 0:10:03]} Nxc3 {[%clk 0:47:30]} 15. bxc3
{[%clk 0:10:33]} O-O {[%clk 0:47:15]} 16. Ne5 {[%clk 0:07:21]} Nxe5
{[%clk 0:43:12]} 17. Bf4 {[%clk 0:01:39]} cxd4 {[%clk 0:21:50]} 18. cxd4
{[%clk 0:02:07]} Qc2 {[%clk 0:18:46]} 19. Qxe5 {[%clk 0:01:56]} Bf6
{[%clk 0:17:17]} 20. Qb5 {[%clk 0:01:33]} Rad8 {[%clk 0:16:16]} 21. Be3
{[%clk 0:00:56]} b6 {[%clk 0:14:08]} 22. g5 {[%clk 0:01:11]} Be7 {[%clk 0:14:15]}
23. Rdc1 {[%clk 0:01:09]} Qf5 {[%clk 0:13:27]} 24. Qxf5 {[%clk 0:01:26]} Bxf5
{[%clk 0:13:52]} 25. a4 {[%clk 0:00:39]} Rc8 {[%clk 0:05:09]} 26. h4
{[%clk 0:00:44]} Rxc1+ {[%clk 0:04:38]} 27. Rxc1 {[%clk 0:01:13]} Rc8
{[%clk 0:05:02]} 28. Rxc8+ {[%clk 0:00:42]} Bxc8 {[%clk 0:05:28]} 29. Bc6
{[%clk 0:00:58]} Bd6 {[%clk 0:05:33]} 30. Kg2 {[%clk 0:00:50]} Kf8
{[%clk 0:05:37]} 31. Kf3 {[%clk 0:00:54]} Bf5 {[%clk 0:05:53]} 32. Bd2
{[%clk 0:00:39]} Ke7 {[%clk 0:03:31]} 33. Bd5 {[%clk 0:00:39]} g6
{[%clk 0:02:56]} 34. Bc4 {[%clk 0:00:42]} Be6 {[%clk 0:03:11]} 35. d5
{[%clk 0:00:54]} Bf5 {[%clk 0:03:34]} 36. Bc3 {[%clk 0:00:53]} Bc2
{[%clk 0:02:50]} 37. Bb5 {[%clk 0:00:50]} Bc5 {[%clk 0:03:06]} 38. Be5
{[%clk 0:00:41]} a6 {[%clk 0:02:22]} 39. Bxa6 {[%clk 0:00:37]} Bxa4
{[%clk 0:02:49]} 40. Bd3 {[%clk 0:30:32]} b5 {[%clk 0:32:38]} 41. Ke2
{[%clk 0:08:20]} b4 {[%clk 0:30:37]} 42. Bc4 {[%clk 0:06:38]} Bd6
{[%clk 0:22:58]} 43. f4 {[%clk 0:05:30]} b3 {[%clk 0:12:24]} 44. Kd2
{[%clk 0:04:32]} b2 {[%clk 0:06:58]} 45. Bxb2 {[%clk 0:03:38]} Bxf4+
{[%clk 0:07:23]} 46. Ke2 {[%clk 0:03:21]} Bg3 {[%clk 0:07:38]} 47. h5
{[%clk 0:02:55]} gxh5 {[%clk 0:07:14]} 48. Bd3 {[%clk 0:03:15]} h4
{[%clk 0:03:53]} 49. Kf3 {[%clk 0:01:49]} Bb3 {[%clk 0:03:38]} 50. Be4
{[%clk 0:01:16]} Be1 {[%clk 0:02:16]} 51. Kg4 {[%clk 0:01:11]} Bd1+
{[%clk 0:01:59]} 52. Kh3 {[%clk 0:01:40]} Be2 {[%clk 0:02:11]} 53. Be5
{[%clk 0:01:33]} Bf1+ {[%clk 0:02:15]} 54. Kh2 {[%clk 0:01:28]} Bb4
{[%clk 0:01:26]} 55. Bxh7 {[%clk 0:01:32]} Bd6 {[%clk 0:01:50]} 56. Bxd6+
{[%clk 0:01:46]} Kxd6 {[%clk 0:02:17]} 57. g6 {[%clk 0:01:44]} fxg6
{[%clk 0:02:36]} 58. Bxg6 {[%clk 0:02:13]} Kxd5 {[%clk 0:03:02]} 59. Bf7+
{[%clk 0:02:31]} 1/2-1/2

[Event "Team men HL 2016"]
[Site "Sochi"]
[Date "2016.05.05"]
[Round "5.16"]
[White "Nozdrachev, Leonid"]
[Black "Meshkov, Yuri A."]
[Result "1/2-1/2"]
[LiveChessVersion "1.4.4"]
[BlackElo "2354"]
[WhiteElo "2413"]

1. e4 {[%clk 1:30:45]} c5 {[%clk 1:30:32]} 2. c3 {[%clk 1:30:23]} d6
{[%clk 1:24:03]} 3. d4 Nf6 {[%clk 1:24:23]} 4. Bd3 {[%clk 1:29:29]} g6
{[%clk 1:23:19]} 5. Nf3 {[%clk 1:29:26]} Bg7 {[%clk 1:23:34]} 6. h3
{[%clk 1:26:47]} O-O {[%clk 1:22:56]} 7. O-O {[%clk 1:27:00]} d5 {[%clk 1:17:23]}
8. exd5 {[%clk 1:11:36]} cxd4 {[%clk 1:16:09]} 9. Nxd4 {[%clk 1:04:51]} Qxd5
{[%clk 1:12:15]} 10. Be3 {[%clk 1:04:05]} b6 {[%clk 1:02:28]} 11. Be2
{[%clk 0:55:57]} Bb7 {[%clk 1:00:12]} 12. Bf3 {[%clk 0:55:59]} Qd7
{[%clk 1:00:42]} 13. Nf5 {[%clk 0:37:49]} Bxf3 {[%clk 0:52:11]} 14. Qxd7
{[%clk 0:37:36]} Nbxd7 {[%clk 0:52:39]} 15. Nxe7+ {[%clk 0:37:33]} Kh8
{[%clk 0:52:58]} 16. gxf3 {[%clk 0:37:55]} Ne5 {[%clk 0:49:15]} 17. f4
{[%clk 0:35:12]} Nd3 {[%clk 0:48:45]} 18. a4 {[%clk 0:26:23]} Nxb2
{[%clk 0:46:48]} 19. Bd4 {[%clk 0:21:49]} Nc4 {[%clk 0:42:38]} 20. Na3
{[%clk 0:18:01]} Nd2 {[%clk 0:40:53]} 21. Rfd1 {[%clk 0:16:20]} Nb3
{[%clk 0:34:48]} 22. Rab1 {[%clk 0:16:42]} Nxd4 {[%clk 0:35:02]} 23. cxd4
{[%clk 0:16:27]} Rfe8 {[%clk 0:34:15]} 24. Nc6 {[%clk 0:16:44]} Nd5
{[%clk 0:34:28]} 25. Rb3 {[%clk 0:16:25]} Rec8 {[%clk 0:26:02]} 26. Ne5
{[%clk 0:14:26]} f6 {[%clk 0:25:16]} 27. Nec4 {[%clk 0:11:27]} Bf8
{[%clk 0:23:33]} 28. f5 {[%clk 0:08:44]} g5 {[%clk 0:23:16]} 29. a5
{[%clk 0:08:17]} b5 {[%clk 0:23:25]} 30. Ne3 {[%clk 0:06:53]} Nc3
{[%clk 0:23:21]} 31. Re1 {[%clk 0:05:57]} a6 {[%clk 0:19:37]} 32. Kg2
{[%clk 0:05:29]} Kg7 {[%clk 0:18:57]} 33. Kf3 {[%clk 0:05:40]} h5
{[%clk 0:19:12]} 34. Nac2 {[%clk 0:04:10]} Bd6 {[%clk 0:17:04]} 35. d5
{[%clk 0:02:53]} Be5 {[%clk 0:17:27]} 36. Nb4 {[%clk 0:02:59]} Na4
{[%clk 0:16:42]} 37. Nc6 {[%clk 0:02:46]} Nc5 {[%clk 0:14:27]} 38. Rbb1
{[%clk 0:02:17]} Bd6 {[%clk 0:14:28]} 39. Nc2 {[%clk 0:00:55]} Rc7
{[%clk 0:11:52]} 40. N2d4 {[%clk 0:31:03]} Kf7 {[%clk 0:41:47]} 41. Re3
{[%clk 0:26:28]} Rd7 {[%clk 0:39:53]} 42. Rc1 {[%clk 0:20:32]} Nb7
{[%clk 0:39:25]} 43. Ne6 {[%clk 0:19:17]} Bf8 {[%clk 0:38:38]} 44. Nxg5+
{[%clk 0:14:04]} Kg8 {[%clk 0:38:43]} 45. Ne4 {[%clk 0:13:21]} Kf7
{[%clk 0:38:08]} 46. Rd3 {[%clk 0:09:53]} Nd6 {[%clk 0:37:48]} 47. Nc5
{[%clk 0:07:00]} Rc7 {[%clk 0:37:17]} 48. Ne6 {[%clk 0:07:17]} Rd7
{[%clk 0:37:46]} 49. Nc5 {[%clk 0:04:48]} Rc7 {[%clk 0:38:15]} 50. Ne4
{[%clk 0:02:15]} Nc4 {[%clk 0:37:12]} 51. Ke2 {[%clk 0:01:02]} Re8
{[%clk 0:36:56]} 52. f3 {[%clk 0:01:19]} Rd7 {[%clk 0:35:44]} 53. Kf2
{[%clk 0:01:17]} Rc8 {[%clk 0:29:33]} 54. Rg1 {[%clk 0:01:00]} Nb2
{[%clk 0:21:06]} 55. Rd2 {[%clk 0:01:29]} Nc4 {[%clk 0:21:17]} 56. Rd3
{[%clk 0:01:54]} Nb2 {[%clk 0:10:31]} 57. Rd2 {[%clk 0:02:12]} Nc4
{[%clk 0:10:29]} 58. Rd3 Nb2 59. Rc3 1/2-1/2

[Event "Team men HL chess 2016"]
[Site "Sochi"]
[Date "2016.05.05"]
[Round "5.5"]
[White "Palachev, Petr"]
[Black "Alekseenko, Kirill"]
[Result "1/2-1/2"]
[WhiteElo "2403"]
[BlackElo "2570"]
[PlyCount "81"]
[EventDate "2016.05.01"]

1. Nf3 Nf6 2. g3 d5 3. Bg2 c6 4. O-O Bf5 5. c4 dxc4 6. a4 e6 7. Na3 a5 8. Nxc4
Be7 9. Qb3 Bb4 10. d3 O-O 11. h3 Nbd7 12. Nh4 Bg6 13. Nxg6 hxg6 14. Bg5 e5 15.
Qc2 Qc7 16. Rad1 Nc5 17. d4 exd4 18. Bf4 Qd8 19. Bd6 d3 20. exd3 Re8 21. Be5
Ne6 22. b3 Nd4 23. Bxd4 Qxd4 24. Ne3 Nd7 25. Qc4 Qxc4 26. Nxc4 Nc5 27. d4 Nxb3
28. d5 Ra6 29. dxc6 bxc6 30. Rd7 Bc5 31. Rb1 Nd4 32. Rbb7 Nf5 33. Kf1 Re7 34.
Rxe7 Nxe7 35. Ne5 f6 36. Nxc6 Nxc6 37. Rc7 Bxf2 38. Bd5+ Kh7 39. Rxc6 Rxc6 40.
Bxc6 Bxg3 41. Kg2 1/2-1/2

[Event "Team men HL chess 2016"]
[Site "Sochi"]
[Date "2016.05.05"]
[Round "5.5"]
[White "Levin, Evgeny A"]
[Black "Mokshanov, Alexey"]
[Result "1/2-1/2"]
[WhiteElo "2510"]
[BlackElo "2425"]
[PlyCount "53"]
[EventDate "2016.05.01"]

1. d4 d5 2. c4 e6 3. Nf3 Nf6 4. Nc3 c6 5. e3 Nbd7 6. Qc2 Bd6 7. b3 O-O 8. Be2
b6 9. O-O Bb7 10. Bb2 Qe7 11. Rad1 Rac8 12. Bd3 c5 13. cxd5 cxd4 14. Nxd4 Nxd5
15. Bxh7+ Kh8 16. Be4 N7f6 17. Bxd5 Nxd5 18. Qd2 Nxc3 19. Bxc3 Bxh2+ 20. Kxh2
Qh4+ 21. Kg1 Bxg2 22. Kxg2 Qg4+ 23. Kh1 Qh3+ 24. Kg1 Qg4+ 25. Kh1 Qh3+ 26. Kg1
Qg4+ 27. Kh1 1/2-1/2

[Event "Team men HL chess 2016"]
[Site "Sochi"]
[Date "2016.05.05"]
[Round "5.5"]
[White "Natacheev, Peter"]
[Black "Usmanov, Vasily"]
[Result "1/2-1/2"]
[WhiteElo "2361"]
[BlackElo "2436"]
[PlyCount "67"]
[EventDate "2016.05.01"]

1. e4 e6 2. d4 d5 3. exd5 exd5 4. Nf3 Bd6 5. Bd3 Ne7 6. O-O O-O 7. Nc3 c6 8.
Ne2 Bf5 9. Bf4 Bxf4 10. Nxf4 Qd6 11. Bxf5 Nxf5 12. Nd3 Nd7 13. Re1 Rae8 14. Qd2
Re4 15. c3 f6 16. Re2 Rfe8 17. Rae1 Kf8 18. Qd1 Rxe2 19. Rxe2 Rxe2 20. Qxe2 Qe7
21. Kf1 Qxe2+ 22. Kxe2 Ke7 23. Nd2 b6 24. b4 Nd6 25. f3 Nf8 26. Nf1 Ne6 27. Ne3
h5 28. h4 Kd7 29. a4 a6 30. Kd2 Ke7 31. Ke2 Kd7 32. Kd2 Ke7 33. Ke2 Kd7 34. Kd2
1/2-1/2

[Event "Team men HL chess 2016"]
[Site "Sochi"]
[Date "2016.05.05"]
[Round "5.5"]
[White "Palchun, Grigory"]
[Black "Slavin, Alexey"]
[Result "1-0"]
[WhiteElo "2320"]
[BlackElo "2366"]
[PlyCount "57"]
[EventDate "2016.05.01"]

1. d4 d5 2. Nf3 e6 3. Bf4 f5 4. e3 Nf6 5. h3 Be7 6. Be2 O-O 7. O-O Bd7 8. c4 c6
9. Nc3 Be8 10. Ne5 Nbd7 11. c5 Nxe5 12. Bxe5 Nd7 13. Bh2 e5 14. b4 exd4 15.
exd4 f4 16. Re1 Bg5 17. Bf3 Bg6 18. b5 Qa5 19. bxc6 bxc6 20. Nxd5 Rf7 21. h4
Bxh4 22. Nxf4 Rc8 23. Nxg6 hxg6 24. Qb3 Bf6 25. Rad1 Nf8 26. Bd6 Nh7 27. Bg4
Bxd4 28. Re2 Qa6 29. Rxd4 1-0

[Event "Team men HL chess 2016"]
[Site "Sochi"]
[Date "2016.05.05"]
[Round "5.6"]
[White "Vavulin, Maksim"]
[Black "Potapov, Pavel"]
[Result "1-0"]
[WhiteElo "2474"]
[BlackElo "2485"]
[PlyCount "85"]
[EventDate "2016.05.01"]

1. e4 d5 2. exd5 Qxd5 3. Nc3 Qd6 4. d4 Nf6 5. Bc4 g6 6. Nge2 Bg7 7. Bf4 Qd8 8.
Qd2 h6 9. O-O-O a6 10. Ng3 Nbd7 11. Rhe1 Nb6 12. Bb3 Nbd5 13. Be5 Be6 14. Bxf6
Bxf6 15. Nge4 Kf8 16. Nxf6 exf6 17. Ne4 b5 18. f4 Kg7 19. Rf1 a5 20. a4 bxa4
21. Bxa4 Nb6 22. Bc6 Rb8 23. d5 Bf5 24. Qd4 Bxe4 25. Qxe4 Qd6 26. g3 Nc8 27.
Rfe1 Rd8 28. Rd3 Rb4 29. Qe3 Rc4 30. Rb3 Nb6 31. Rb5 Rb4 32. Qd3 Na4 33. Qa3
Nb6 34. Qxa5 Ra4 35. Qc3 Rb8 36. b3 Ra2 37. Qc5 Qd8 38. Kb1 Rba8 39. Re8 Ra1+
40. Kb2 R1a2+ 41. Kc1 Qxe8 42. Bxe8 Rxe8 43. Ra5 1-0

[Event "Team men HL chess 2016"]
[Site "Sochi"]
[Date "2016.05.05"]
[Round "5.6"]
[White "Belyakov, Bogdan"]
[Black "Savenkov, Konstantin"]
[Result "1-0"]
[WhiteElo "2493"]
[BlackElo "2381"]
[PlyCount "55"]
[EventDate "2016.05.01"]

1. c4 c5 2. g3 Nc6 3. Bg2 g6 4. Nc3 Bg7 5. Nf3 Rb8 6. O-O e5 7. e3 Nge7 8. d4
cxd4 9. exd4 exd4 10. Nb5 O-O 11. Bf4 d6 12. Bxd6 Ra8 13. c5 Bg4 14. h3 Bxf3
15. Bxf3 Qa5 16. Nc7 Rad8 17. Qe1 Rd7 18. Bg4 Qxe1 19. Rfxe1 f5 20. Bd1 Rc8 21.
Bb3+ Kh8 22. Ne6 Bf6 23. Nf4 Ra8 24. Re6 Kg7 25. Rae1 Rad8 26. h4 Nc8 27. R6e2
Kh8 28. Re8+ 1-0

[Event "Team men HL chess 2016"]
[Site "Sochi"]
[Date "2016.05.05"]
[Round "5.6"]
[White "Tarasov, Alexandr"]
[Black "Savitskiy, Sergey"]
[Result "1/2-1/2"]
[WhiteElo "2323"]
[BlackElo "2401"]
[PlyCount "81"]
[EventDate "2016.05.01"]

1. c4 Nf6 2. g3 g6 3. Bg2 Bg7 4. Nc3 O-O 5. d4 d6 6. Nf3 Nc6 7. O-O Bf5 8. Be3
Ng4 9. Bg5 h6 10. Bc1 e5 11. d5 Ne7 12. e4 Bd7 13. h3 Nf6 14. Ne1 Nh7 15. f4
exf4 16. gxf4 f5 17. e5 dxe5 18. fxe5 Bxe5 19. Bxh6 f4 20. Nd3 Bd4+ 21. Kh1 g5
22. Bxf8 Nxf8 23. Nxf4 Bxc3 24. bxc3 gxf4 25. Rxf4 Neg6 26. Rf2 Qh4 27. Qd4 Re8
28. Raf1 Qh5 29. Rf3 Ne5 30. Rg3+ Nfg6 31. Rf6 Rf8 32. Rxf8+ Kxf8 33. Qxa7 Qh4
34. Qb8+ Ke7 35. Rxg6 Nxg6 36. Qxc7 Qf4 37. Qxf4 Nxf4 38. d6+ Kxd6 39. Bxb7
Bxh3 40. Kh2 Be6 41. Bd5 1/2-1/2

[Event "Team men HL chess 2016"]
[Site "Sochi"]
[Date "2016.05.05"]
[Round "5.6"]
[White "Sergeyev, Alexander"]
[Black "Kovalev, Egor"]
[Result "1-0"]
[WhiteElo "2388"]
[BlackElo "2207"]
[PlyCount "87"]
[EventDate "2016.05.01"]

1. d4 d5 2. c4 c6 3. Nc3 Nf6 4. cxd5 cxd5 5. Bf4 Nc6 6. e3 a6 7. Rc1 e6 8. Bd3
Be7 9. Nf3 Nh5 10. Be5 f5 11. h3 Nxe5 12. Nxe5 Nf6 13. g4 O-O 14. O-O g6 15. f4
Qd6 16. Rc2 Ne4 17. Bxe4 dxe4 18. Rg2 Kh8 19. Kh2 Bd7 20. Rfg1 Be8 21. h4 Bf6
22. g5 Bg7 23. Qb3 b5 24. Rc2 Rc8 25. Rgc1 Bd7 26. Ne2 Bxe5 27. fxe5 Qe7 28.
Nf4 Rxc2+ 29. Rxc2 Rc8 30. Rxc8+ Bxc8 31. d5 exd5 32. Qxd5 Bb7 33. Qd4 Kg8 34.
a3 Bc6 35. Kg3 Qd7 36. Kf2 Qxd4 37. exd4 Kf7 38. Ke3 Bb7 39. b4 Ke7 40. d5 Kd7
41. Kd4 Bc8 42. Kc5 Ke7 43. Kc6 e3 44. Kc5 1-0

[Event "Team men HL chess 2016"]
[Site "Sochi"]
[Date "2016.05.05"]
[Round "5.7"]
[White "Tarlev, Konstantin"]
[Black "Tekeyev, Zaur"]
[Result "1-0"]
[WhiteElo "2586"]
[BlackElo "2350"]
[PlyCount "83"]
[EventDate "2016.05.01"]

1. d4 Nf6 2. c4 g6 3. Nc3 Bg7 4. e4 O-O 5. Nf3 d6 6. Be2 e5 7. O-O Nbd7 8. Qc2
Nh5 9. Bg5 f6 10. Be3 Nf4 11. Bxf4 exf4 12. b4 g5 13. h3 Nb8 14. b5 h5 15. c5
c6 16. cxd6 f5 17. Bc4+ Kh8 18. e5 g4 19. hxg4 hxg4 20. Nh2 f3 21. gxf3 Qh4 22.
f4 Bh6 23. Ne2 Nd7 24. Qd3 Kg7 25. Qg3 Qh5 26. Rac1 Nb6 27. Bb3 Qe8 28. f3 Kh8
29. fxg4 fxg4 30. Qh4 Qg6 31. Ng3 Qh7 32. Bc2 Qg7 33. Nh5 Qf7 34. Nf6 Qg7 35.
Nhxg4 Nd5 36. Kh1 Bxg4 37. Nxg4 Nxf4 38. Qxh6+ Qxh6+ 39. Nxh6 Ne2 40. Rxf8+
Rxf8 41. Re1 Nxd4 42. e6 1-0

[Event "Team men HL chess 2016"]
[Site "Sochi"]
[Date "2016.05.05"]
[Round "5.7"]
[White "Bykov, Egor"]
[Black "Sek, Konstantin"]
[Result "1-0"]
[WhiteElo "2330"]
[BlackElo "2450"]
[PlyCount "133"]
[EventDate "2016.05.01"]

1. d4 Nf6 2. Nf3 g6 3. g3 Bg7 4. Bg2 O-O 5. O-O c5 6. dxc5 Na6 7. Be3 Qc7 8.
Nc3 Nxc5 9. Nb5 Qb6 10. a4 Ng4 11. Bd4 Bxd4 12. Qxd4 d6 13. b4 Na6 14. Qxb6
axb6 15. c3 Nf6 16. Nd2 d5 17. e4 Be6 18. Rfe1 dxe4 19. Nxe4 Nxe4 20. Bxe4 Rab8
21. Nd4 Bd7 22. Bg2 e6 23. Nf3 Rfc8 24. Re3 Be8 25. Nd2 Rc7 26. Ne4 Bc6 27. Rd3
Kg7 28. Nd6 Ra8 29. Ra3 Kf8 30. Nc4 Bxg2 31. Nxb6 Be4 32. Rd4 Re8 33. Rxe4 Rd8
34. b5 Nc5 35. Rc4 Ke7 36. Kg2 Rd2 37. a5 Rd6 38. Na4 Rd5 39. Nb6 Rd6 40. Ra2
Kd8 41. a6 bxa6 42. bxa6 Ra7 43. Rxc5 Rxb6 44. Rca5 Rc6 45. R2a3 Kc7 46. Kf3
Kb6 47. R5a4 f6 48. Ke3 h5 49. c4 Kc5 50. Kd3 e5 51. Ra5+ Kb4 52. R5a4+ Kc5 53.
Kc3 Rb6 54. Ra5+ Kc6 55. Ra1 Kc7 56. c5 Re6 57. Kc4 e4 58. R1a3 g5 59. h3 Kb8
60. Kd5 Re5+ 61. Kd6 Rae7 62. a7+ Ka8 63. c6 R5e6+ 64. Kc5 Rc7 65. Ra6 Rc8 66.
Rb3 f5 67. Rb8+ 1-0